1675 1727 1544 1608 1651 1688 1742 1318 1687 1507 1964 1566 1131 1734 1290 1589 1657 1716 1225 1575 1556 1046 1056 1212 1779 1007 1332 1031 1911 1554 1124 1166 1458 1981 1204 1560 1818 1057 1971 1619 1990 1493 1200 1785 1289 1311 1481 1194 1359 1622 1731 1324 1789 1423 1652 1509 1668 1964 1526 1978 1087 1228 1766 1507 1597 1688 1310 1876 1394 1858 1340 1688 1369 1876 1399 1710 1141 1054 1360 1031 1689 1285 1731 1098 1460 1170 1323 1809 1509 1587 1537 1394 1235 1585 1009 1553 1335 1698 1000 BCNSPRNW ULIB Ver.6.0+V

เปลี่ยนเป็นภาษาไทย

Change to English
 แสดงรายละเอียดบรรณานุกรม
  กลับหน้าหลัก

Brief Record : Get Marc (ISO 2709) : E-mail record : QR code < ปิดหน้าต่าง
LEADER : 00000nam 2200000uu 4500
001    13399125287
003     ULIB
008    170328s2559||||th 000 0 tha d
020    ^a786168032022
060 04 ^aWJ340^bส854ต
100 0  ^aสุรศักดิ์ กันตชูเวสศิริ และคณะ, บรรณาธิการ
245 10 ^aตำราโรคไตเรื้อรัง =^bTextbook Of Chronic Kidney Disease /^cสุรศักดิ์ กันตชูเวสศิริ และคณะ, บรรณาธิการ
250    ^aพิมพ์ครั้งที่ 1 (ราคา 1,800 บาท)
260    ^aกรุงเทพฯ :^bบริษัทเท็กซ์แอนด์เจอร์นัลพับลิเคชั่นจำกัด,^c2559
300    ^a952 หน้า ;^bภาพประกอบ ; ตาราง ;^c30 ซม.
650  7 ^aโรคไตเรื้อรัง
650  7 ^aโรคไต
945    ^p0^l0^i001763
945    ^p0^l0^i001764
999    ^aวรรณษา ชูชัยมงคล
รายการนี้ยังไม่มีแท็ก
คุณยังไม่ได้ล็อกอิน คุณสามารถมีกิจกรรมร่วมกับเว็บไซต์ได้ แต่ต้องล็อกอินก่อน ::
  ล็อกอิน

รายการสื่อสารสนเทศ

ลำดับที่ ประเภท เลขเรียก/บาร์โค้ด สถานที่ สถานะ
1. วิทยาศาสตร์การแพทย์ และสุขภาพ
วิทยาศาสตร์การแพทย์ และสุขภาพ
สถานะ=หนังสือเก่า
WJ340 ส854ต ฉ.1 
  Barcode: 001763
ห้องสมุดวิทยาเขตสวรรค์ประชารักษ์
►ส่วนจัดเก็บหนังสือเก่า สปร
บนชั้น
  ขอยืม
2. วิทยาศาสตร์การแพทย์ และสุขภาพ
วิทยาศาสตร์การแพทย์ และสุขภาพ
สถานะ=หนังสือเก่า
WJ340 ส854ต ฉ.2 
  Barcode: 001764
ห้องสมุดวิทยาเขตสวรรค์ประชารักษ์
►ส่วนจัดเก็บหนังสือเก่า สปร
บนชั้น
  ขอยืม

รายการใกล้เคียง
    หัวเรื่อง [โรคไตเรื้อรัง]
    หัวเรื่อง [โรคไต]

BibComment


ยังไม่เคยถูกคอมเมนท์

คอมเมนท์ทรัพยากรรายการนี้
  คอมเมนท์: ตำราโรคไตเรื้อรั..


 Copyright 2026. Bcnsprnw @Library